| 000 | 00442nab a2200145Ia 4500 | ||
|---|---|---|---|
| 003 | ES-SlBCS | ||
| 005 | 20210601125451.0 | ||
| 008 | 140529s1983-84 xxu||||| |||| 00| 0 eng d | ||
| 041 | _aeng | ||
| 100 | 1 |
_aDe George, Richard T. _9156989 |
|
| 245 | 0 | 0 |
_aSocial Reality and Social Relations _c Richard T. De George |
| 650 | 0 | 4 |
_aRelaciones Sociales _9118320 |
| 773 | 0 |
_tReview of Methaphysics _gvol. 37, 1983-84, págs. 3-20 _wRev843 |
|
| 942 | _cAR | ||
| 999 |
_c530808 _d530808 |
||